Top 10 Songs by Rush - Statistics

General Stats
  • This quiz has been taken 6 times
  • The average score is 7 of 10
Answer Stats
Hint Answer % Correct
6 Closer to the Heart
100%
1 Tom Sawyer
100%
2 Limelight
80%
4 Subdivisions
80%
5 2112
60%
9 Fly By Night
60%
7 La Villa Strangiato
60%
3 The Spirit of Radio
60%
10 Red Barchetta
40%
8 Xanadu
20%
No matching quizzes found
Score Distribution
Percent of People with Each Score
Percentile by Number Answered
Your Score History
You have not taken this quiz